01067cam a2200229 a 450000100100000000500170001000800410002704000250006808200180009324501500011126000920026130000280035365000400038165000290042165000290045070000360047970000310051570000350054695201220058195201170070399900170082000001456320240422203111.0970918s1997 uy a 000 0 spa  aDO-SdBNPbspacBNPHU a303.38bC322p00aCartas al Parlamento :blo que los jóvenes proponen al país /ccoordinadores, Alexis Jano Ros y Antonio J. Lacarte ; editor Orlando Marabote. a[Uruguay] :b[Programa de las Naciones Unidas para el Desarrollo] ;b[Unicef],c[1997]. a128 p. :bil. ;c19 cm. 4aOpinión públicaxUruguay932964 4aOpinión pública9423 0aProblemas sociales992901 aJano Ros, Alexis,d1959-9329651 aLacarte, Antonio J.9329661 aMarabote, Orlando,eed.932967 001054708MOaGRbGRcCTd2010-01-14iLF1l0o303.38 C322pp14563-10r2020-06-25w2020-06-25y4ZPréstamo en sala 0010507-18MOaPDbPDcOId2017-05-26iLF1l0o303.38 C322pp14563-20r2020-06-25w2020-06-25y1ZNo se presta c14150d14150